000 01013nam a2200277 i 4500
001 4553665
003 EG-ScBUE
005 20250730085707.0
008 701113r19711970nyu f b 001 0 eng d
040 _aDLC
_beng
_erda
_cDLC
_dDLC
_dEG-ScBUE
082 0 4 _a539.7
_222
_bKAR
100 1 _aKarplus, Martin,
_d1930-
_eauthor.
_97640
245 1 0 _aAtoms and Molecules:
_ban introduction for students of physical chemistry /
_cMartin Karplus, Harvard University and Richard N. Porter, State University of New York at Stony Brook.
250 _aSecond printing
264 1 _aNew York :
_bW. A. Benjamin,
_c1971.
300 _axiv, 620 pages :
_c23 cm
336 _2rdacontent
_atext
_btxt
337 _aunmediated
_2rdamedia
_bn
338 _avolume
_bnc
_2rdacarrier
504 _aIncludes bibliographical references and index.
650 7 _aAtoms.
_2BUEsh
_97641
650 7 _aMolecules.
_2BUEsh
_97642
655 _vReading book
700 1 _aPorter, Richard Needham,
_d1932-
_ejoint author.
_97643
942 _2ddc
_cBB
999 _c12219
_d12219